[Event "Tournoi Skype 026A"]
[Site "Skype"]
[Date "????.??.??"]
[Round "7.32"]
[White "Sauvaget, Joel"]
[Black "Navghane, Rahul"]
[Result "0-1"]
[WhiteElo "1523"]
[BlackElo "1561"]
[PlyCount "104"]

1. d4 e6 2. c4 c5 3. e3 Nc6 4. Nf3 cxd4 5. Nxd4 e5 6. Nxc6 bxc6 7. a3 Nf6 8.
Nc3 Ba6 9. Be2 d5 10. cxd5 Bxe2 11. Qxe2 Nxd5 12. Bd2 Be7 13. Nxd5 Qxd5 14. Bc3
O-O 15. O-O Rad8 16. Rad1 Qe6 17. Rxd8 Rxd8 18. Rd1 Rd7 19. Rxd7 Qxd7 20. Qd2
Qxd2 21. Bxd2 Bd6 22. Bc3 a6 23. e4 g6 24. f3 Kg7 25. Kf2 Bc5+ 26. Ke2 f6 27.
Kd3 Kf7 28. Kc4 Bb6 29. Bb4 Ke6 30. Bc5 Bc7 31. Bb4 Bd6 32. Bc5 f5 33. exf5+
gxf5 34. Bxd6 Kxd6 35. Kd3 Kd5 36. h4 h5 37. g3 a5 38. b3 c5 39. a4 e4+ 40.
fxe4+ fxe4+ 41. Ke3 Ke5 42. Kf2 Kf5 43. Ke3 Kg4 44. Kxe4 Kxg3 45. Kd5 Kxh4 46.
Kxc5 Kg4 47. b4 axb4 48. Kxb4 h4 49. a5 h3 50. a6 h2 51. a7 h1=Q 52. a8=Q Qxa8
0-1

[Event "Tournoi Skype 026A"]
[Site "Skype"]
[Date "????.??.??"]
[Round "7.33"]
[White "Scata, Laura"]
[Black "Leyton Calderon, Jairo Oswaldo"]
[Result "0-1"]
[WhiteElo "1440"]
[BlackElo "1654"]
[PlyCount "50"]

1. d4 Nf6 2. Bf4 g6 3. Nf3 Bg7 4. Qd2 O-O 5. Bh6 d6 6. Nc3 a5 7. e4 Na6 8. a3
c5 9. d5 Bd7 10. h4 e6 11. Be2 exd5 12. Nxd5 Nxe4 13. Qc1 Re8 14. Bxg7 Kxg7 15.
h5 g5 16. Nd2 h6 17. g4 Nc7 18. Nxc7 Qxc7 19. O-O d5 20. Bf3 Nf6 21. Qd1 Rad8
22. b3 Qf4 23. c4 Bxg4 24. Bxg4 Nxg4 25. Qc2 Qh2# 0-1